Introductory algebra : (Record no. 182283)
[ view plain ]
| 000 -LEADER | |
|---|---|
| fixed length control field | 00886 a2200205 4500 |
| 003 - CONTROL NUMBER IDENTIFIER | |
| control field | Nust |
| 005 - DATE AND TIME OF LATEST TRANSACTION | |
| control field | 20221116143039.0 |
| 010 ## - LIBRARY OF CONGRESS CONTROL NUMBER | |
| LC control number | 78027210 |
| 020 ## - INTERNATIONAL STANDARD BOOK NUMBER | |
| International Standard Book Number | 0673152170 |
| 040 ## - CATALOGING SOURCE | |
| Transcribing agency | Nust |
| 082 00 - DEWEY DECIMAL CLASSIFICATION NUMBER | |
| Classification number | 512.9,MIL |
| 100 1# - MAIN ENTRY--PERSONAL NAME | |
| Personal name | Miller, Charles David, |
| 245 10 - TITLE STATEMENT | |
| Title | Introductory algebra : |
| Remainder of title | a worktext / |
| Statement of responsibility, etc. | Charles D. Miller, Margaret L. Lial. |
| 260 ## - PUBLICATION, DISTRIBUTION, ETC. | |
| Place of publication, distribution, etc. | Glenview, Ill. : |
| Name of publisher, distributor, etc. | Scott, Foresman, |
| Date of publication, distribution, etc. | c1979. |
| 300 ## - PHYSICAL DESCRIPTION | |
| Extent | xiv, 461 p. : |
| Other physical details | ill. ; |
| Dimensions | 28 cm. |
| 505 ## - FORMATTED CONTENTS NOTE | |
| Formatted contents note | Number systems (Page-1), Operations with the Real Number (Page-35), Solving Equations and Inequalities (Page-79), Polynomials (Page-141), Factoring (Page-193), Rational Expressions (Page-237), Graphing Linear Equations (Page-275), Linear System (Page-307), Roots And Radicals (Page-347), Quadratic Equations (Page-383). |
| 650 #0 - SUBJECT ADDED ENTRY--TOPICAL TERM | |
| Topical term or geographic name entry element | Algebra. |
| 9 (RLIN) | 8509 |
| 700 1# - ADDED ENTRY--PERSONAL NAME | |
| Personal name | Lial, Margaret L., |
| 9 (RLIN) | 102087 |
| 942 ## - ADDED ENTRY ELEMENTS (KOHA) | |
| Source of classification or shelving scheme | |
| Koha item type | Book |
| Call number prefix | 512.9,MIL |
| Withdrawn status | Lost status | Source of classification or shelving scheme | Damaged status | Not for loan | Permanent Location | Current Location | Shelving location | Date acquired | Full call number | Barcode | Date last seen | Price effective from | Koha item type | Public note |
|---|---|---|---|---|---|---|---|---|---|---|---|---|---|---|
| Military College of Signals (MCS) | Military College of Signals (MCS) | General Stacks | 12/12/2016 | 512.9,ML | MCS7315 | 12/08/2016 | 12/12/2016 | Book | Almirah No.11, Shelf No.5 |
